000 01365nam a2200301Ia 4500
001 B6653
003 IT-RoPAU
008 130308s9999 xx 000 0 und d
040 _aIT-RoPAU
040 _cIT-RoPAU
041 _aINGLESE
100 _aCole Basil
100 _gCodice Aut. SPICS: 39419
245 _aMusic and Morals-A Theological Appraisal of the Moral and Psychological Effects of Music
245 _bMusic And Morals-A Theological Appraisal Of The Moral And Psychological Effects Of Music
250 _a1a ed.
260 _aNEW YORK
260 _bAlba House
260 _c1993 [1° Ed.:1993 - Ed.Ling.Originale:1993]
300 _a"172 p. (prefazione: 14; testo: 158 [pagine: 0-0])"
500 _aMusica e Morale. Valutazione Teologica della Morale ed Effetti Psicologicidella Musica. Orizzonti della Musica Contemporanea. Antiche Testimonianze:Musica nella sacra Scrittura, Antiche teorie Filosofiche. Nuova Musica Frai padri fino a tommaso D'Aquino che ne Sviluppa la Tradizione. moderna Evoluzione delle forme Musicali: Musica Sacra, filosofi e Musica Profana. interesse del Xx Secolo per la Musica. Altre Funzioni della Musica. Cammino Deimusicisti e della Musica. Bibliografia Selezionata.
650 _aSAGGI MUSICALI
650 _eCodice materia Spics: 7011
942 _cBK
957 _71
999 _c74432
_d74432
999 _bSI
999 _g2